MDQL
is popping MORE tags! Check the
thread
!
Quizzes
Events
Quiz Creation
Community
Videos
Private Events
Remove Ads
Sign In
Join for FREE
Feedback
Dark Mode
Quiz Categories
Sports
Geography
Music
Movies
Television
Just For Fun
Miscellaneous
History
Literature
Language
Science
Gaming
Entertainment
Religion
Holiday
For Kids
Quiz Lab
Recent
Popular Today
Quiz Kudos Today
Editor Picks
Curator Picks
Quizzes by...
Day
Popularity
Type
Ratings
Length
Year
Community
Subscriptions
Recent Discussions
Orange Saloon
Badges
Playlists
Quests
Create
Leaderboards
Showdown
Live 5
Trivia Bingo
Activity
Puzzle Library
Sporcle Events
Private Events
Virtual Trivia
Globe League
Become a Host
Pub Owners
SporcleCon
Opinionation
Our Games
Videos
Blog
Mobile Apps
Partnerships
Remove Ads and Go Orange
Feedback
Sports
Athletes
MLB
NBA
NHL
NFL
Soccer
Sports Teams
WWE
NCAA
Football
Premier League
Basketball
Baseball
Hockey
Golf
Tennis
Cricket
Rugby
Auto Racing
Olympics
World Cup
Sports
Athletes
MLB
NBA
NHL
NFL
Soccer
Sports Teams
WWE
NCAA
Football
Premier League
Basketball
Baseball
Hockey
Golf
Tennis
Cricket
Rugby
Auto Racing
Olympics
World Cup
Random Quiz
Search Sporcle
×
Quiz Lab
Quiz Lab
Sports
NBA
Type in answers that appear in a list
Type in answers that appear in a list
Classic
Best Score? Go Orange.
NBA 35-Year Old All-Stars Stats
Can you name the NBA players that made the All-Star Game when they were at least 35 years old?
By
dlh1231
6m
43 Questions
4,180 Plays
4,180 Plays
4,180 Plays
Comments
Comments
Give Quiz Kudos
Give Quiz Kudos
-
- Ratings
hide this ad
Replay
Link that replays current quiz
Next Quiz
Link to next quiz in quiz playlist
You Got
0%
They Got
Avg Score
65%
Avg Friend Score
Upgrade to see
Score Distribution
Jump to the score distribution portion of the page
Score
0/43
Timer
06:00
0
Plays Today
Team
Player
% Correct
Los Angeles Lakers
Kobe Bryant
94.6%
Los Angeles Lakers
Kobe Bryant
94.6%
Dallas Mavericks
Dirk Nowitzki
89.8%
Dallas Mavericks
Dirk Nowitzki
89.8%
Utah Jazz
Karl Malone
89.8%
Utah Jazz
Karl Malone
89.8%
Utah Jazz
Karl Malone
89.8%
Los Angeles Lakers
Kareem Abdul-Jabbar
89.4%
Los Angeles Lakers
Kareem Abdul-Jabbar
89.4%
Los Angeles Lakers
Kareem Abdul-Jabbar
89.4%
Los Angeles Lakers
Kareem Abdul-Jabbar
89.4%
Los Angeles Lakers
Kareem Abdul-Jabbar
89.4%
Los Angeles Lakers
Kareem Abdul-Jabbar
89.4%
Los Angeles Lakers
Kareem Abdul-Jabbar
89.4%
San Antonio Spurs
Tim Duncan
88.8%
San Antonio Spurs
Tim Duncan
88.8%
Boston Celtics
Larry Bird
82.5%
San Antonio Spurs
David Robinson
82.3%
Utah Jazz
John Stockton
82%
Phoenix Suns
Shaquille O'Neal
80.9%
Washington Wizards
Michael Jordan
80.2%
Washington Wizards
Michael Jordan
80.2%
Team
Player
% Correct
Phoenix Suns
Steve Nash
78.7%
Phoenix Suns
Steve Nash
77.1%
Boston Celtics
Kevin Garnett
73.3%
Los Angeles Lakers
Jerry West
72.4%
Philadelphia 76ers
Julius Erving
70.6%
Philadelphia 76ers
Julius Erving
70.6%
Los Angeles Lakers
Wilt Chamberlain
70%
Los Angeles Lakers
Wilt Chamberlain
70%
Denver Nuggets
Alex English
66.7%
Boston Celtics
Robert Parish
66.7%
Boston Celtics
Robert Parish
66.7%
Boston Celtics
John Havlicek
64.5%
Boston Celtics
John Havlicek
64.5%
Boston Celtics
John Havlicek
64.5%
Boston Celtics
Ray Allen
60.8%
Los Angeles Lakers
Elgin Baylor
59.4%
Dallas Mavericks
Jason Kidd
58.8%
Philadelphia 76ers
Dikembe Mutombo
33.6%
San Antonio Spurs
Artis Gilmore
13.7%
Cincinnati Royals
Johnny Green
11.1%
Cleveland Cavaliers
Lenny Wilkens
7.1%
Quiz Playlist
Details
Report
Send in Message
Add To Playlist
Classic:
Type in answers that appear in a list
Quiz Source
Last Updated: Mar 10, 2017
Quiz Scoreboard
CHALLENGE
Sign Up to Join the Scoreboard
Show All
Scores
Hide
Comments
May contain spoilers
Recently Published
Holiday 10x10 Sorting Gallery
by lukepisani3
Holiday
15m
Two Season TV Shows II
by 123Four
Television
10m
Image Sorting: Flags VI
by Barbecue
Geography
2m
More to Explore
Quiz From the Vault
Featured Blog Post
14 Easter Pick-up Lines to Find Eggs With
hide this ad
You Might Also Like...
Tags
Basketball Quiz
NBA Quiz
Age
All-Star
old
Player
ppg
team
Today's Top Quizzes in Sports
Browse Sports
hide this ad
Today's Top Quizzes in NBA
Browse NBA
Top Contributed Quizzes in Sports
1
Les meilleurs buteurs des matchs entre le PSG et l’OM
2
Les entraîneurs de l'OM et du PSG au 21e siècle
3
2022 World Cup Stars
4
Players with Multiple 50 Home Run Seasons
5
Les joueurs passés par le PSG et l'OM
6
FIFA Club World Cup Champions
7
Top 10 NHL Goal Scorers of All Time
8
Criteria MLB: Left Handed Sluggers
9
Les joueurs passés par le LOSC et le RC Lens
10
2023 MLB Unique Player Accomplishments
Explore More
Trending Topics
Anime
Crossword
NBA
Kpop
Harry Potter
Marvel
Disney
Country
Pokémon
Soccer
NFL
Song
The Office
Puzzle
WWE
hide this ad
More By:
dlh1231
Quiz
Plays
Rating
Category
Featured
Created
Most Well-Known Countries By Continent
431,837
4.62
Geography
May 1, 2010
NBA Scorers by Draft Pick
226,509
4.37
Sports
Jun 23, 2010
NBA 25 PPG After 10 Seasons
195,044
4.46
Sports
Dec 28, 2010
NBA Top 5 Scorers by Seasons Played
144,171
4.82
Sports
Apr 10, 2013
First NBA 50 Point Game by Season
116,266
4.66
Sports
Jan 29, 2014
Go to Creator's Profile
Score Distribution
Quiz Creator Spotlight
dlh1231
Follow
Send a Message
Quizzes Created
-
Created Quiz Play Count
-
More By This Creator
Popular Quizzes Today
1
Find the US States - No Outlines Minefield
2
Colored Red Africa Blitz
3
Find the 'City' Movie
4
The Countries of the World
5
Find the US States
6
5x2 Blitz: Bands
7
Find the Countries of Europe - No Outlines Minefield
8
US States
More Sports Quizzes
MLB TOP 15 BEST HITTERS OF THE 1990'S
Quiz Lab
Trending Quizzes
Colored Red Europe Blitz I
Colored Red Europe Blitz II
Colored Red Africa Blitz II
Colored Red Africa Blitz III
Colored Red Europe Blitz III
Recently Updated
Odd Team Out - Big 4 Players
pecheneg
Quick Pick: 20 Twenties
pecheneg
March Madness Men's Triple Doubles
pecheneg
How Do You Spell That?
pecheneg
Godzilla Movies
pecheneg
Grab Bag: 4-10 Letters
pecheneg
2024 March Madness Bracket
pecheneg
Famous TV Couples
Peacemaker
Champions League XIs: Real Madrid
pecheneg
Largest US Cities 1790-2010
pecheneg
Trending Topics
NBA
Kpop
Marvel
Disney
Anime
Harry Potter
Crossword
Pokémon
NFL
The Office
Country
WWE
Puzzle
Song
Soccer
Your Account Isn't Verified!
In order to create a playlist on Sporcle, you need to verify the email address you used during registration. Go to your
Sporcle Settings
to finish the process.
Report this User
Report this user for behavior that violates our
Community Guidelines
.
Details:
Send Report
Go to the Sporcle.com Mobile Site →
Comments